000 01135cam a2200157 4500500
005 20260405040633.0
041 _afre
042 _adc
100 1 0 _aLe Fleming, Svetlana
_eauthor
700 1 0 _aKay, Susan E.
_eauthor
700 1 0 _aChepiga, Valentina
_eauthor
245 0 0 _aV DOROGE - Grand manuel de russe
260 _bArmand Colin,
_c2023.
520 _aSpécialement rédigé par des enseignants expérimentés pour l’auto-apprentissage ou l’utilisation en classe, le cours propose une approche pas à pas du russe écrit et parlé. Aucune connaissance préalable de la langue n’est requise. Ce Grand manuel d’initiation au russe propose:de nombreux exercices pour une pratique régulière ;un apprentissage de l’alphabet et de l’écriture manuscrite ;des notes grammaticales claires et concises ;du vocabulaire vraiment utile et un guide de prononciation ;les corrigés de l’ensemble des exercice et une synthèse grammaticale de référence.
856 4 1 _uhttps://shs.cairn.info/v-doroge-grand-manuel-de-russe--9782200635893?lang=fr&redirect-ssocas=7080
999 _c2163754
_d2163754